[Event "Tatry op"]
[Site "Tatranske Zruby"]
[Date "2013.10.05"]
[Round "8"]
[White "Giertli, Vladimir"]
[Black "Michna, Christian"]
[Result "1/2-1/2"]
[WhiteElo "2054"]
[BlackElo "2290"]
[PlyCount "116"]
[EventDate "2013.09.29"]
[EventType "swiss"]
[EventRounds "9"]
[EventCountry "SVK"]
[SourceTitle "CBM 156 Extra"]
[Source "ChessBase"]
[SourceDate "2013.10.22"]
[SourceVersion "1"]
[SourceVersionDate "2013.10.22"]
[SourceQuality "1"]

1. e4 c5 2. Nf3 Nc6 3. Nc3 Nf6 4. Bb5 Qc7 5. 0-0 e6 6. Re1 d6 7. d3 Be7 8. a3 0-0 9. Bg5 Bd7 10. Qd2 a6 11. Ba4 b5 12. Bb3 Na5 13. Ba2 b4 14. axb4 cxb4 15. Ne2 Rfb8 16. Ned4 e5 17. Nb3 Nc6 18. Nc1 a5 19. Ne2 a4 20. c3 b3 21. Bb1 h6 22. Be3 Na5 23. h3 Rd8 24. Ng3 Bf8 25. Nh4 Nc6 26. Nhf5 Ne7 27. Nxe7+ Bxe7 28. f4 Nh7 29. Qf2 Rdc8 30. Ne2 f6 31. Rd1 Qb7 32. Qg3 Kh8 33. Qf2 Ra6 34. d4 Bb5 35. Ng3 Bd8 36. Nf5 Be7 37. Qg3 Bf8 38. fxe5 dxe5 39. dxe5 fxe5 40. Qxe5 Bc4 41. Nd6 Bxd6 42. Rxd6 Rf8 43. Bd3 Qc7 44. Bxc4 Rxd6 45. Bd5 Nf6 46. Rxa4 Re8 47. Qf4 Nxd5 48. exd5 Qe7 49. Bd4 Rf8 50. Qd2 Rg6 51. Ra7 Qh4 52. Qe3 Rg3 53. Qe6 Qf4 54. Ra1 Kh7 55. Re1 Rxg2+ 56. Kxg2 Qf3+ 57. Kh2 Qf4+ 58. Kg2 Qf3+ 1/2-1/2

[Event "Tatry op"]
[Site "Tatranske Zruby"]
[Date "2013.10.04"]
[Round "7"]
[White "Michna, Christian"]
[Black "Kukucka, Matej"]
[Result "1/2-1/2"]
[WhiteElo "2290"]
[BlackElo "2086"]
[PlyCount "37"]
[EventDate "2013.09.29"]
[EventType "swiss"]
[EventRounds "9"]
[EventCountry "SVK"]
[SourceTitle "CBM 156 Extra"]
[Source "ChessBase"]
[SourceDate "2013.10.22"]
[SourceVersion "1"]
[SourceVersionDate "2013.10.22"]
[SourceQuality "1"]

1. e4 e6 2. b3 d5 3. Bb2 Nf6 4. e5 Ng8 5. f4 c5 6. Nf3 Nc6 7. Be2 Nh6 8. 0-0 Be7 9. Kh1 0-0 10. d4 Nf5 11. Qd2 Nfxd4 12. Nxd4 Nxd4 13. Bxd4 cxd4 14. Bd3 f6 15. exf6 Bxf6 16. Qe2 Bd7 17. Nd2 Qc7 18. Rae1 Rae8 19. Qf2 1/2-1/2

[Event "Tatry op"]
[Site "Tatranske Zruby"]
[Date "2013.10.01"]
[Round "3"]
[White "Michna, Christian"]
[Black "Mrva, Vladimir"]
[Result "1/2-1/2"]
[WhiteElo "2290"]
[BlackElo "2175"]
[PlyCount "95"]
[EventDate "2013.09.29"]
[EventType "swiss"]
[EventRounds "9"]
[EventCountry "SVK"]
[SourceTitle "CBM 156 Extra"]
[Source "ChessBase"]
[SourceDate "2013.10.22"]
[SourceVersion "1"]
[SourceVersionDate "2013.10.22"]
[SourceQuality "1"]

1. d4 Nf6 2. Nc3 d5 3. Bg5 e6 4. e4 dxe4 5. Nxe4 Nbd7 6. Qd3 Be7 7. Nxf6+ Nxf6 8. Nf3 Nd5 9. Bd2 c6 10. 0-0-0 Qc7 11. c4 Nb4 12. Qb3 Na6 13. Kb1 Bf6 14. g3 0-0 15. Qe3 Rd8 16. Qe4 c5 17. Bd3 g6 18. Bf4 Qb6 19. Be5 Bxe5 20. dxe5 Nb4 21. Ng5 Nxd3 22. Rxd3 h6 23. Nf3 Bd7 24. Rhd1 Bc6 25. Qe3 Rxd3 26. Qxd3 Bxf3 27. Qxf3 Rd8 28. a3 Rxd1+ 29. Qxd1 Qc7 30. f4 Kf8 31. Ka2 h5 32. h3 a6 33. g4 hxg4 34. hxg4 Ke8 35. Qh1 Kd7 36. Qh7 Kc6 37. Qh1+ Kd7 38. Qe4 Kc8 39. b4 cxb4 40. axb4 Qd7 41. Ka3 Qd2 42. c5 Qc3+ 43. Ka4 Qa1+ 44. Kb3 Qd1+ 45. Ka3 Qa1+ 46. Kb3 Qd1+ 47. Ka3 Qa1+ 48. Kb3 1/2-1/2

[Event "Tatry op"]
[Site "Tatranske Zruby"]
[Date "2013.09.29"]
[Round "1"]
[White "Michna, Christian"]
[Black "Neugebauer, Martin"]
[Result "1/2-1/2"]
[WhiteElo "2290"]
[BlackElo "2172"]
[PlyCount "88"]
[EventDate "2013.09.29"]
[EventType "swiss"]
[EventRounds "9"]
[EventCountry "SVK"]
[SourceTitle "CBM 156 Extra"]
[Source "ChessBase"]
[SourceDate "2013.10.22"]
[SourceVersion "1"]
[SourceVersionDate "2013.10.22"]
[SourceQuality "1"]

1. d4 Nf6 2. Nc3 g6 3. e4 d6 4. Bg5 Bg7 5. Qd2 0-0 6. Nf3 c6 7. Bd3 Qc7 8. Bh6 e5 9. dxe5 dxe5 10. 0-0 Nbd7 11. Rfe1 a5 12. a4 Nc5 13. Bxg7 Kxg7 14. Bf1 Bg4 15. Qe3 Ne6 16. Bc4 Bxf3 17. Bxe6 fxe6 18. Qxf3 Rad8 19. Qe2 Qb6 20. Ra3 Qc5 21. h3 Rf7 22. Nd1 Rd4 23. Rc3 Qb4 24. Rb3 Qd6 25. Nc3 Rd2 26. Rd1 Rxe2 27. Rxd6 Rxc2 28. f3 Nh5 29. Nd1 Nf4 30. Ne3 Rc1+ 31. Kh2 Ne2 32. Ng4 Rc5 33. Re3 Rc2 34. Nxe5 Re7 35. Red3 Rxb2 36. Rd7 Rxd7 37. Rxd7+ Kg8 38. Ng4 h5 39. Nf6+ Kf8 40. Nh7+ Kg8 41. Nf6+ Kf8 42. e5 Nf4 43. Nh7+ Kg8 44. Nf6+ Kf8 1/2-1/2